Construction industry unprepared for tax system shake-up (Record no. 78409)
[ view plain ]
| 000 -LEADER | |
|---|---|
| fixed length control field | 01115cab a2200217 4500 |
| 001 - CONTROL NUMBER | |
| control field | ##L136708 |
| 008 - FIXED-LENGTH DATA ELEMENTS--GENERAL INFORMATION | |
| fixed length control field | 070219n2007 000 0 eng u |
| 035 ## - SYSTEM CONTROL NUMBER | |
| System control number | (Sirsi) u136708 |
| 041 0# - LANGUAGE CODE | |
| Language code of text/sound track or separate title | eng |
| 110 2# - MAIN ENTRY--CORPORATE NAME | |
| Corporate name or jurisdiction name as entry element | KPMG |
| 245 00 - TITLE STATEMENT | |
| Title | Construction industry unprepared for tax system shake-up |
| Medium | [electronic resource] |
| 260 ## - PUBLICATION, DISTRIBUTION, ETC. | |
| Date of publication, distribution, etc. | 2007 |
| 490 #0 - SERIES STATEMENT | |
| Series statement | KPMG News Release |
| Volume/sequential designation | 13 February 2007 |
| 520 ## - SUMMARY, ETC. | |
| Summary, etc. | A survey of 465 UK construction professionals by KPMG reveals that the industry is not ready for the new Construction Industry Scheme (CIS). Nearly seven out of 10 respondents expressed concern about operating the new CIS, over 60% thought it would be more difficult to operate than the current system, over 50% revealed their employees were not sufficiently trained on the new CIS, and less than 10% had forwarded information to their subcontractors. |
| 590 ## - LOCAL NOTE (RLIN) | |
| Local note | KA |
| 650 24 - SUBJECT ADDED ENTRY--TOPICAL TERM | |
| Topical term or geographic name entry element | CONSTRUCTION INDUSTRY SCHEME |
| 651 #4 - SUBJECT ADDED ENTRY--GEOGRAPHIC NAME | |
| Geographic name | United Kingdom |
| Chronological subdivision | |
| 690 ## - LOCAL SUBJECT ADDED ENTRY--TOPICAL TERM (OCLC, RLIN) | |
| Topical term or geographic name as entry element | Construction management |
| 9 (RLIN) | 6230 |
| 856 40 - ELECTRONIC LOCATION AND ACCESS | |
| Uniform Resource Identifier | <a href="https://www.kpmg.co.uk/news/detail.cfm?pr=2802">https://www.kpmg.co.uk/news/detail.cfm?pr=2802</a> |
| Public note | View the item free of charge at www.kpmg.co.uk... |
| 942 ## - ADDED ENTRY ELEMENTS (KOHA) | |
| Suppress in OPAC | 0 |
| Withdrawn status | Lost status | Source of classification or shelving scheme | Damaged status | Not for loan | Home library | Current library | Shelving location | Date acquired | Total Checkouts | Full call number | Barcode | Date last seen | Copy number | Price effective from | Koha item type |
|---|---|---|---|---|---|---|---|---|---|---|---|---|---|---|---|
| Dewey Decimal Classification | Virtual | Virtual | Online | 19/02/2007 | ONLINE PUBLICATION | 136708-2001 | 06/08/2019 | 1 | 06/08/2019 | Journal article |